|
|
|
|
| LEADER |
00000nam a2200000 4500 |
| 001 |
vtls012063635 |
| 003 |
SK-MaSNL |
| 005 |
20260301220059.0 |
| 008 |
210728s2018 pl gr 000 pdpol |
| 015 |
|
|
|a SNBZSA2023/05
|
| 020 |
|
|
|a 9788381110976
|q (brožované)
|
| 040 |
|
|
|a SNK
|b slo
|c SNK
|e rda
|
| 041 |
0 |
|
|a pol
|
| 044 |
|
|
|a pl
|c PL
|
| 072 |
|
7 |
|a 821.162.1
|x Poľská literatúra
|2 konspekt
|
| 080 |
|
|
|a 821.162.1-1
|2 2011
|
| 100 |
1 |
|
|a Kowalik, Marian,
|d 1957-
|4 aut
|9 181921
|
| 245 |
1 |
0 |
|a Dwa słowa o miłości
|c Marian Kowalik
|
| 250 |
|
|
|a Wydanie I
|
| 264 |
|
1 |
|a Kraków
|b Towarzystwo Słowaków w Polsce
|c 2018
|
| 300 |
|
|
|a 96 strán
|c 17 cm
|
| 336 |
|
|
|a text
|b txt
|2 rdacontent
|
| 337 |
|
|
|a bez média
|b n
|2 rdamedia
|
| 338 |
|
|
|a zväzok
|b nc
|2 rdacarrier
|
| 366 |
|
|
|e 200 kusov
|
| 500 |
|
|
|a Biografické údaje o autorovi na zadnej strane obálky publikácie
|
| 655 |
|
7 |
|a poľská poézia
|2 SNKPH
|9 70590
|
| 655 |
|
7 |
|a Polish poetry
|2 SNKPHeng
|9 331284
|
| 752 |
|
|
|a Poľsko
|d Krakov
|
| 852 |
|
|
|a Slovenská národná knižnica
|
| 919 |
|
|
|a 978-83-8111-097-6
|
| 954 |
|
|
|a beletria cudzojazyčná (svetová)
|2 lita
|
| 958 |
|
|
|a LX
|
| 958 |
|
|
|a ZS
|
| 958 |
|
|
|a PL
|
| 999 |
|
|
|c 930551
|d 932481
|
| 952 |
|
|
|a SNK
|b SNK
|y PREZ
|7 0
|p 17A1467915
|o snkSD 90256
|i snk2021/16939
|8 2
|g 2.50
|0 0
|1 0
|4 0
|d 2021-07-28
|f 1
|l 0
|r 2026-02-24 08:46:48
|w 2026-02-24
|